000 01023cam a2200313 4500
008 090401t1995 xxu||||| |||| 00| 0 eng d
020 _a0853082677
035 _a(Sirsi) u28754
041 _aeng
050 _a614.7026
100 _aGraham, Tom
245 _aContaminated land.
260 _aBristol
_bJordans
_c1995
300 _axxxvi,252p. ; 24cm.
350 _a35
520 _aOutline of the legal responsibilities and potential liabilites associated with the redevelopment of contaminated land. Includes chapters on criminal liability, statutory nuisance, planning permission and the Environment Act 1995.
650 _aCONTAMINATED LAND
650 _aEC LEGISLATION
650 _aENVIRONMENT ACT 1995
650 _aENVIRONMENTAL ASSESSMENT
650 _aENVIRONMENTAL LAW
650 _aPLANNING PERMISSION
650 _aSTATUTORY NUISANCE
650 _aWASTE MANAGEMENT
650 _aWATER POLLUTION
690 _aENVIRONMENTAL AND LAND CONSULTANCY
942 _n0
948 _c04/03/1997
999 _c89336
_d89336